000 00450nam a2200193Ia 4500
005 20240823015940.0
008 240823s9999||||xx |||||||||||||| ||und||
020 _a81-261-1665-X
041 _aENGLISH
082 _A658 P4
100 _aA Team of Experts
245 0 _aUGC NET : Management
250 _a1st
260 _c2004
_b"Anmol Pub,New Delhi"
500 _aYES
650 _aUGC
_bManagement Studies
942 _cBK
999 _c173614
_d173614